Using E-mail in Education

Používanie e-mailu vo výučbe. Výhody a nevýhody e-mailu. Využívanie e-mailu vo výučbe cudzieho jazyka.

Salvato in:
Dettagli Bibliografici
Autore principale: Stradiotová, Eva, 1963-
Natura: Capitolo di libro
Lingua:inglese
Soggetti:
Tags: Aggiungi Tag
Nessun Tag, puoi essere il primo ad aggiungerne!!

MARC

LEADER 00000nla a2200000 4500
001 0241346
005 20240502073929.3
041 0 |a eng 
044 |a SK 
245 1 0 |a Using E-mail in Education  |c Eva Stradiotová 
520 |a Používanie e-mailu vo výučbe. Výhody a nevýhody e-mailu. Využívanie e-mailu vo výučbe cudzieho jazyka. 
610 2 0 |a vzdelávanie 
610 2 0 |a pošta elektronická 
610 2 0 |a komunikácia elektronická 
610 2 0 |a internet 
610 2 0 |a učitelia 
610 2 0 |a študenti 
610 2 0 |a jazyky cudzie 
100 1 |a Stradiotová, Eva, 1963-